000 00622nam a2200193 i 4500
001 56109
003 ES-MaACL
005 20250808004242.0
007 t|
008 031003s1946 sp ||||1| spa d
100 1 _aDíaz-Plaja, Fernando,
_d1918-2012
_944396
245 1 3 _aLa vida española en el siglo XVIII /
_cpor Fernando Díaz-Plaja.
260 _aBarcelona :
_bAlberto Martín,
_c[1946] (
_fAgustín Núñez)
300 _a269 p., 20 lám. ;
_c22 cm.
490 1 _aEl mundo y los hombres
830 0 3 _aEl mundo y los hombres
_9181466
852 _aES-MaACL
_jB-10602
_bR.22310
999 _c56109
_d56109